Komplexný softvér pre súkromnú spoločnosť diplomová práca

Saved in:
Bibliographic Details
Main Author: Ližičárová, Una
Corporate Author: Fakulta hospodárskej informatiky EU. Katedra aplikovanej informatiky
Other Authors: Mišút, Martin, 1962-
Format: Book
Language:Slovak
Published: Bratislava 2022
Tags: Add Tag
No Tags, Be the first to tag this record!

MARC

LEADER 00000nbm a2200000 4500
001 0285956
005 20221214135224.0
041 0 |a slo 
044 |a SK 
245 1 0 |a Komplexný softvér pre súkromnú spoločnosť  |b diplomová práca  |c Una Ližičárová ; školiteľ: Martin Mišút 
264 1 |a Bratislava  |c 2022 
300 |a 64 s. 
100 1 |a Ližičárová, Una 
700 1 |a Mišút, Martin, 1962- 
710 2 |a Fakulta hospodárskej informatiky EU. Katedra aplikovanej informatiky